000 00416nam a2200157 i 4500
001 bg
100 1 _aSIEMIENIAKO, Franciszek
245 0 _aLaboratorium podstaw automatyki /
_cF. Siernieniako, J. Maczek, W. Zdanuk.
260 _aBiałystok,
_c1980.
700 1 _aMACZEK, Józef
700 1 _aŻDANUK, Włodzimierz
040 _cBPK
041 _apol
942 _cKS
008 s pl f |000 0 pol
999 _c19630
_d19630
856 _uhttp://koha.tu.koszalin.pl/cgi-bin/koha/opac-detail.pl?biblionumber=19630
_yKatalog online BPK